[Event "Olympiad-33"]
[Site "Elista"]
[Date "1998.10.03"]
[Round "5.3"]
[White "Bacrot, Etienne"]
[Black "Savchenko, Stanislav"]
[Result "1-0"]
[WhiteElo "2555"]
[BlackElo "2555"]
[Annotator "Ftacnik,L"]
[PlyCount "95"]
[EventDate "1998.09.29"]
[EventType "team-swiss"]
[EventRounds "13"]
[EventCountry "RUS"]
[SourceTitle "CBM 068"]
[Source "ChessBase"]
[SourceDate "1999.02.01"]
[SourceVersion "1"]
[SourceVersionDate "1999.02.01"]
[SourceQuality "1"]
[WhiteTeam "France"]
[BlackTeam "Ukraine"]
[WhiteTeamCountry "FRA"]
[BlackTeamCountry "UKR"]

1. d4 d5 2. c4 c6 3. Nc3 Nf6 4. Nf3 e6 5. Bg5 h6 6. Bxf6 Qxf6 7. e3 Nd7 8. Bd3
dxc4 9. Bxc4 g6 10. O-O Bg7 11. b4 O-O 12. Rc1 Qe7 13. Qb3 b6 (13... Nb6 14.
Bd3 (14. Ne4 $5 Nxc4 15. Qxc4 {/\ Ne5+/=} b6 $140 16. Qxc6 Bb7 17. Qd6 $1)
14... Rd8 15. Ne4 Nd5 16. a3 Bd7 17. Nc5 Be8 18. Bb1 $6 (18. Rfd1 {/\ Bf1})
18... b6 19. Nd3 a5 $1 {ץb1} 20. Rc4 axb4 21. axb4 Rdb8 $1 {0-1 Nikolic,
P-Anand,V/FIDE-Wch k.o. 1997 (36) /\ c5}) 14. e4 (14. b5 Bb7 (14... c5 15. d5
Bxc3 16. dxe6 Bg7 17. exd7 Bxd7 18. Rfd1 Rad8 19. Rd2 Bg4 {1/2-1/2 Ionov,
S-Novikov,I/RUS-Cup1 Chigorin mem 1996}) 15. bxc6 Bxc6 16. Nd2 a6 17. Bd3 b5
18. Be4 Bxe4 19. Ncxe4 Nb6 20. Rc6 Qb7 21. Rc2 Qd5 {0-1 Nikolic,P-Anand,V/
Amber Rapid 1998 (42)}) (14. Rfd1 Bb7 15. e4 Rfd8 16. d5 exd5 17. exd5 c5 18.
Re1 Qf8 19. Nb5 cxb4 20. d6 Nc5 21. Qxb4 Rd7 {Komljenovic,D-Fridman,D/Cappelle
la Grande op 1998/0-1 (58)}) (14. a3 Bb7 15. e4 Rab8 {/\ c5} 16. Rfe1 Rfe8 17.
Rcd1 a6 18. Bf1 c5 19. d5 b5 20. d6 Qd8 21. bxc5 Rc8 22. a4 Nxc5 23. Qa3 Qa5
$17 {0-1 Van Wely,L-Huzman,A/Amsterdam Donner 1995 (49)}) 14... Bb7 15. Rfe1
Rfd8 {White has to live with a knowledge, that black's set up with bishop on
g7 is very flexible. After the opening of the position the bishops can play
important role.} (15... Rac8 16. a3 Rfd8 17. Rcd1 Nf8 18. h3 Rc7 19. e5 Rcd7
20. Rd2 c5 21. d5 exd5 22. Nxd5 Bxd5 23. Rxd5 b5 24. Rxd7 Qxd7 25. Be2 c4 {
1/2-1/2 Novikov,I-Slobodjan,R/Calcutta op 1996 (41)}) 16. a4 Nf8 (16... a5 17.
b5 c5 18. d5 Nf8 19. e5 $5 $36) 17. Rcd1 Rab8 (17... a5 18. bxa5 bxa5 19. e5
Rab8 20. Ne4 $14) 18. b5 Rbc8 (18... c5 19. d5) 19. bxc6 Rxc6 (19... Bxc6 20.
Ba6 Bb7 21. Bxb7 Qxb7 22. e5 $13) 20. Nd5 $1 {Bacrot is using fine tactics to
support his central march with a d pawn.} (20. d5 $2 Rxc4 $1 21. Qxc4 Rc8 $19)
20... Qd7 (20... Qe8 $2 21. Bb5) (20... exd5 $2 21. exd5 $18) 21. Nb4 Rcc8 22.
d5 Qe7 (22... exd5 23. Bxd5 (23. Nxd5 Qe8 24. e5 Ne6 25. Bb5 Qf8 26. Nf6+ Bxf6
27. exf6 Nc5 $15) 23... Bxd5 24. exd5 (24. Nxd5 Qe8 25. Qb4 $13) 24... Rc3 25.
Qa2 a5 26. Nc2 $11) (22... e5 $6 23. Bb5 Qc7 24. Bc6 $14) 23. h3 Kh7 {xf7 In
consequence of this waiting move pawn f7 becomes rather weak.} (23... e5 24.
Bb5 $14) 24. Nd3 Qc7 (24... Qd6 25. dxe6 Nxe6 26. Nde5 Qe7 27. Rxd8 Nxd8 28.
Nxf7 Rxc4 29. N7g5+ $1 hxg5 30. Qxc4 $13) 25. Rc1 exd5 (25... Qd6 26. e5 Qd7
27. d6 Bxf3 28. gxf3 Qb7 29. Nb4 $36) 26. exd5 $1 (26. Bxd5 Bxd5 27. exd5 Qd6
28. Rxc8 Rxc8 29. Nfe5 Rc7 $13) 26... Qd6 27. Nde5 Bxd5 (27... Rc7 28. Rcd1 Re8
29. Nc6 Rec8 30. Nd2 Bxc6 31. dxc6 Qxc6 32. Bxf7 $14) 28. Nxf7 Bxf7 (28... Bxc4
$2 29. Nxd6 Bxb3 30. Nxc8 Rd7 31. Re4 $16) 29. Bxf7 {[%mdl 16] The trade off
for white is rather pleasing, black's kingside is vulnerable and opposite
colour bishops can be useful in the attack.} Rxc1 (29... Qf4 30. Bg8+ Kh8 31.
Rc4 Rxc4 32. Bxc4 $14) 30. Rxc1 Rd7 31. Bc4 (31. Bg8+ Kh8 32. Bc4 {xKh8}) 31...
Qf4 32. Re1 Rc7 33. Bb5 (33. Bg8+ Kh8 34. Bd5 Rc1 35. Rxc1 Qxc1+ 36. Kh2 Qc7+
37. g3 $14) 33... Rc1 (33... Rc3 34. Qd5 Rc5 35. Qa8 $14) 34. Rxc1 Qxc1+ 35.
Kh2 Qc7+ (35... Nd7 36. Qf7 $16) 36. g3 Qc3 (36... a5 37. h4 $14) 37. Qf7 Qf6
38. Qd5 Qe6 (38... Ne6 $5 39. Bc4 h5 40. h4 (40. Kg2 Nd4 41. Ng5+ Kh6 42. h4
Qc6 $1 43. Qxc6 Nxc6 44. Nf7+ Kh7 45. Kf3 $14) 40... Nd4 41. Ng5+ Kh6 42. Kg1
$16) 39. Qb7 a5 40. Bc6 $1 Qd6 (40... Qb3 41. Kg2 g5 42. Ne5 $16) 41. Nh4 $1 (
41. Qxb6 Ne6 42. Qb5 Nd4 43. Nxd4 Qxd4 $14) 41... Ne6 42. Bd5 Nd8 (42... Nc5
43. Qf7 h5 44. f4 Nxa4 45. f5 g5 46. f6 $1 Qxf6 47. Be4+ $18) 43. Qa8 Bd4 $2 (
43... Bf6 $1 44. Qa7+ Qe7 45. Qxe7+ Bxe7 46. Ng2 Bc5 47. f4 $14) 44. Qa7+ Kh8 (
44... Bg7 45. Be4 $18) 45. Be4 Bxf2 46. Nxg6+ {White have managed to exchange
f2 pawn for the one on g6 ad coordinated pieces are getting ever closer to the
black king.} Kg8 47. Nf4 $1 (47. Bd5+ $6 Ne6 $13 (47... Qxd5 $2 48. Ne7+ $18))
47... Nf7 $2 (47... Bg1+ $5 48. Kh1 (48. Kxg1 Qd4+ 49. Kh2 Qxe4 50. Qxb6 $16)
48... Bd4 49. Qh7+ Kf8 50. Bd5 $16) 48. Bd5 (48. Bd5 Qf8 (48... Qf6 $2 49. Qb8+
Kh7 50. Be4+ Kg7 51. Nh5#) 49. Qd7 Bc5 50. Qg4+ Qg7 51. Bxf7+ Kxf7 52. Qe6+ Kf8
53. Ng6+ $18) 1-0

[Event "Nalchik FIDE GP"]
[Site "Nalchik"]
[Date "2009.04.23"]
[Round "8"]
[White "Kasimdzhanov, Rustam"]
[Black "Gelfand, Boris"]
[Result "0-1"]
[WhiteElo "2695"]
[BlackElo "2733"]
[Annotator "Ftacnik,L"]
[PlyCount "56"]
[EventDate "2009.04.15"]
[EventType "tourn"]
[EventRounds "13"]
[EventCountry "RUS"]
[EventCategory "19"]
[SourceTitle "CBM 130"]
[Source "ChessBase"]
[SourceDate "2009.05.20"]
[SourceVersion "1"]
[SourceVersionDate "2009.05.20"]
[SourceQuality "1"]

1. d4 d5 2. c4 c6 3. Nf3 Nf6 4. Nc3 e6 5. Bg5 h6 6. Bh4 dxc4 7. e4 g5 {The
Moscow variation in the Botvinnik System is an exceptionally complex opening.
Black conciously ignores the wise advice of careful positional players and
grabs the pawn at the cost of exposing his pawn structure on both flanks.} 8.
Bg3 b5 9. Ne5 Nbd7 $5 $146 {[%mdl 8] Gelfand belongs to the absolute world
elite, which he demonstrates also by the level of his theoretical preparation.
His novelty on the 9th move has a very special quality. Despite weaknesses the
soul (time) is preferred to the body (material). White can immediately restore
material balance, but the opponent will get precious tempi for speeding up his
piece development.} 10. Nxc6 Qb6 11. d5 (11. Ne5 Bb7 12. Nxd7 Nxd7 13. Be2 Bg7
14. a4 a6 15. d5 Nc5 $15) 11... Bb7 12. a4 a6 13. Be2 {The forces have to get
into play even in this unknown position. Kasimdzhanov is not afraid of the
pawn loss on the square c6.} (13. h4 g4 14. Be2 Bxc6 15. dxc6 Qxc6 16. axb5
axb5 17. Rxa8+ Qxa8 18. O-O (18. Bxg4 Nxg4 19. Qxg4 Qa1+ 20. Nd1 Bb4+ 21. Ke2
Be7 $15) 18... Nxe4 19. Nxe4 Qxe4 20. Bxg4 Ne5 21. Bxe6 fxe6 22. Re1 Qg4 23.
Bxe5 Qxd1 24. Rxd1 Rg8 $11) 13... Bg7 14. dxe6 $6 {The speed of deterioration
in the white position within a few moves will be really surprising. The first
step in the wrong direction was for sure made at this moment, a much more
sensible decision was to castle.} (14. O-O $1 O-O 15. Bf3 g4 16. Bxg4 Nxg4 17.
Qxg4 Bxc6 18. a5 Qc5 19. dxc6 Qxc6 20. Rad1 Rad8 $14) 14... Bxc6 15. exd7+ Nxd7
(15... Bxd7 $2 16. e5 $18) 16. axb5 axb5 17. Rxa8+ Bxa8 18. O-O {Due to the
loose position of the king on e1 the active move of the knight to the centre
would not pose any problems for the defence.} (18. Nd5 $6 Bxd5 19. Qxd5 (19.
exd5 Bxb2 20. O-O O-O $17) 19... Qa5+ $1 20. Kf1 Qa1+ 21. Bd1 Bxb2 $15) 18...
Ne5 19. Nd5 Qc5 (19... Bxd5 20. Qxd5 O-O 21. Bxe5 Rd8 22. Bc7 Qxc7 23. Qxb5 Rd2
24. Bxc4 Bd4 $14) 20. Kh1 $6 (20. Qd2 O-O 21. h4 Bxd5 22. exd5 gxh4 23. Bxh4
Ng6 24. Bg3 Qd4 $11) 20... O-O 21. f4 {Judged objectively the results of
opening battle are not favorable for White. His opponent enjoys the bishop
pair and a pawn majority on the queenside. Rustam is lacking targets and a
convenient way of activating his forces.} (21. b4 Qd6 22. Qd2 f5 23. f3 fxe4
24. fxe4 Rxf1+ 25. Bxf1 Qe6 $17) 21... gxf4 22. Bxf4 (22. Rxf4 Bxd5 $1 (22...
f5 23. b3 (23. Qf1 Bxd5 24. exd5 Qxd5 25. Rxf5 Rxf5 26. Qxf5 Qd2 $17) 23... Nd3
24. bxc4 bxc4 25. Bxd3 cxd3 26. Qxd3 fxe4 27. Rxf8+ Qxf8 28. Qb5 $11) 23. exd5
Rd8 24. Bf2 Qb4 $17) 22... f5 $1 23. b4 $2 {The opening was transformed into
an early middlegame with immediate crises, that could even become fatal for
White. The advance of the b-pawn is making the problems worse.} (23. Be3 Qd6
24. Nf4 Qxd1 25. Rxd1 Bxe4 26. Ne6 Ra8 (26... Re8 27. Nxg7 Kxg7 28. Rd6 $15)
27. Nxg7 Kxg7 28. Kg1 Ra2 29. Bf4 (29. Bd4 Kf6 30. Kf2 Ke6 $15) 29... Nd3 30.
Bxd3 cxd3 $15) 23... Qd6 24. Bf3 (24. Qa1 Bxd5 (24... fxe4 $2 25. Bxe5 Rxf1+
26. Bxf1 Qxe5 27. Qxa8+ $18) 25. exd5 Qxd5 $17) (24. Nc3 Qxd1 25. Rxd1 Ng6 26.
Bd2 Bc6 27. exf5 Nh4 28. Bf1 Nxf5 $17) 24... fxe4 25. Bxe4 Rd8 $1 {This
logical and good move underlines the difference in coordination of pieces
between the opponents.} 26. Rf2 (26. Qh5 Bxd5 27. Rd1 Qe6 (27... Bxe4 28. Rxd6
Rxd6 29. Kg1 Re6 $19) 28. Bxe5 Rf8 29. Bxd5 Qxd5 $19) (26. Nc3 Qxd1 27. Rxd1
Rxd1+ 28. Nxd1 Bxe4 $19) 26... c3 $1 {Gelfand robs the rook of the d2-square;
the game is decided.} 27. Rf3 Bxd5 28. Rd3 Nxd3 0-1

[Event "GER-ch"]
[Site "Bad Neuenahr"]
[Date "1991.??.??"]
[Round "3"]
[White "Uhlmann, Wolfgang"]
[Black "Schoene, Ralf"]
[Result "1-0"]
[WhiteElo "2510"]
[BlackElo "2350"]
[Annotator "Ftacnik,L"]
[PlyCount "55"]
[EventDate "1991.06.??"]
[EventType "tourn"]
[EventRounds "15"]
[EventCountry "GER"]
[EventCategory "7"]
[SourceTitle "CBM 024"]
[Source "ChessBase"]
[SourceDate "1991.10.01"]
[SourceVersion "1"]
[SourceVersionDate "1991.10.01"]
[SourceQuality "1"]

1. c4 e6 2. Nc3 d5 3. d4 c6 4. Qb3 Nf6 5. Nf3 a5 6. e3 Nbd7 (6... a4 7. Qc2 $14
(7. Nxa4 dxc4 8. Bxc4 b5)) 7. Bd3 g6 (7... a4 8. Qc2 $14) 8. O-O Bg7 9. e4 dxe4
(9... dxc4 10. Bxc4 b5 11. Bd3 a4 12. Qc2 $16) 10. Nxe4 Nxe4 11. Bxe4 O-O 12.
Bf4 (12. Be3 e5 13. d5 Nf6) 12... c5 13. dxc5 (13. Bd6 cxd4 14. Bxf8 Qxf8 $44)
13... Nxc5 14. Qe3 Nxe4 15. Qxe4 Bxb2 16. Rad1 Qf6 (16... Qb6 17. Bd6 Rd8 18.
c5 Qb4 19. Be5 $1 $18) 17. Rd2 Ba3 (17... Bc3 18. Rd3 $16) 18. Rfd1 Qe7 (18...
Ra6 19. Bg5 Qf5 20. Qe3 Bb4 21. Rd8 $18) 19. Ne5 f6 20. Bh6 $1 Re8 (20... fxe5
21. Bxf8 Kxf8 22. Rd8+ (22. Qxe5 $16) 22... Kf7 23. Qxe5 Qf6 24. Qc7+ $18) 21.
Nxg6 $1 Qf7 (21... hxg6 22. Qxg6+ Kh8 23. Rd8 $1 $18) 22. Rd8 $1 e5 (22... hxg6
23. Rxe8+ Qxe8 24. Rd8 $1 Qxd8 25. Qxg6+) 23. Nxe5 $1 fxe5 24. Rxe8+ Qxe8 25.
Rd3 Ra6 26. Qd5+ Qe6 (26... Be6 27. Qxe5 $18) (26... Re6 27. Rg3+ $18) (26...
Kh8 27. Qxe5+ $1) 27. Qd8+ Kf7 28. Rf3+ {Ftacnik,L} 1-0

[Event "EU-Cup Cheliabinsk-Yerevan"]
[Site "Cheliabinsk"]
[Date "1991.??.??"]
[Round "1"]
[White "Lputian, Smbat G"]
[Black "Sveshnikov, Evgeny"]
[Result "0-1"]
[WhiteElo "2570"]
[BlackElo "2540"]
[Annotator "Ftacnik,L"]
[PlyCount "72"]
[EventDate "1991.??.??"]
[EventType "team"]
[EventRounds "2"]
[EventCountry "URS"]
[SourceTitle "CBM 026"]
[Source "ChessBase"]
[SourceDate "1992.02.01"]
[SourceVersion "1"]
[SourceVersionDate "1992.02.01"]
[SourceQuality "1"]

1. d4 d5 2. c4 e6 3. Nc3 c6 4. Nf3 Nf6 5. Bg5 h6 6. Bh4 dxc4 7. e4 g5 8. Bg3 b5
9. Be2 a6 $5 {N} (9... Bb7 10. O-O Be7 11. Ne5 Nbd7 12. f4 Nxe5 13. fxe5 Nh7
14. Bh5 O-O 15. Qf3 $13 {Kuprejchik-Sveshnikov/USSR ch/1985/} Qxd4+ 16. Kh1 Qd7
$5) (9... Nbd7) (9... b4 10. Na4 Nxe4 11. Be5 $13) 10. O-O Bb7 11. Ne5 Bg7 (
11... Nbd7 12. f4 Nxe5 13. fxe5 Nd7 14. Bh5 Rh7 15. Bxf7+ Rxf7 16. Qh5 Qe7 17.
Rf2 Bg7 18. Raf1 $18) 12. f4 O-O 13. fxg5 hxg5 14. Bh5 Nxh5 (14... Nbd7 15.
Bxf7+ Rxf7 16. Nxf7 Kxf7 17. e5 $16) 15. Qxh5 f6 (15... Qxd4+ 16. Kh1 Bxe5 17.
Rad1 Qc5 18. Qxg5+ $18) (15... Qe7 16. Ng4 $40) 16. Ng4 Nd7 (16... Qxd4+ 17.
Kh1 Qd7 18. Rad1 Qf7 19. Qxf7+ Rxf7 20. Rd8+ Rf8 21. Nxf6+ Bxf6 22. Rxf8+ Kxf8
23. Rxf6+ Ke7 24. Rg6 $16) 17. e5 Qe8 (17... fxe5 18. Qg6 Qe7 19. Nh6+ Kh8 20.
Nf7+ Kg8 21. Nxg5 $16) 18. Nh6+ (18. Qxe8 Raxe8 19. exf6 Nxf6 20. Nxf6+ Bxf6
21. Be5 Bxe5 22. dxe5 c5 23. Rad1 $15) 18... Kh7 (18... Bxh6 19. Qxh6 Qe7 20.
Ne4 $16) 19. Nf7+ Kg8 20. Nh6+ Kh7 21. Nf7+ Kg8 22. exf6 $2 Rxf7 (22... Nxf6
23. Rxf6 Bxf6 24. Qg6+ Bg7 25. Nh6+ Kh8 26. Qxg5 $40) 23. Qxg5 (23. fxg7 Rxf1+
24. Rxf1 Qxh5 $19) 23... Rxf6 24. Rxf6 Nxf6 25. Be5 Qh5 $1 (25... Qe7 26. Ne4
Nd5 27. Qg6 $13) 26. Qg3 (26. Bxf6 Qxg5 27. Bxg5 Bxd4+ 28. Kh1 c5 $17) 26...
Qg4 27. Qxg4 Nxg4 28. Bxg7 Kxg7 $19 29. Re1 Re8 30. Ne4 Rd8 31. Nc5 Bc8 32. h3
(32. Nxe6+ Bxe6 33. Rxe6 Rxd4 $19) 32... e5 $1 33. hxg4 (33. dxe5 Rd5 $19)
33... exd4 34. Re7+ Kf6 35. Rc7 Ke5 36. Rxc6 d3 {Ftacnik,L} (36... Kd5 37. Rc7
Kd6 $19) 0-1

[Event "FIDE-Wch"]
[Site "NED/INA"]
[Date "1993.??.??"]
[Round "4"]
[White "Karpov, Anatoly"]
[Black "Timman, Jan H"]
[Result "1/2-1/2"]
[WhiteElo "2760"]
[BlackElo "2620"]
[Annotator "Ftacnik,L"]
[PlyCount "40"]
[EventDate "1993.09.??"]
[EventType "match"]
[EventRounds "21"]
[EventCountry "NED"]
[SourceTitle "CBM 036"]
[Source "ChessBase"]
[SourceDate "1993.10.01"]
[SourceVersion "1"]
[SourceVersionDate "1993.10.01"]
[SourceQuality "1"]

1. d4 Nf6 2. c4 e6 3. Nf3 d5 4. Nc3 dxc4 5. Qa4+ c6 6. Qxc4 b5 7. Qd3 Nbd7 8.
Bg5 Bb7 9. e3 (9. a3 h6 $1 10. Bf4 (10. Bh4 Qa5 $1 11. Rc1 b4 $10) (10. Bxf6
Nxf6 11. e4 b4 12. axb4 Bxb4 13. Qe3 O-O 14. Ba6 Bxa6 15. Rxa6 c5 16. dxc5 Nd7
17. O-O {Johansen,D-Wallace,JP/Sydney op (05)/1992/0.5 (17)}) 10... b4 11. axb4
Bxb4 $10 12. e3 Nd5 13. Bg3 (13. Be2 $5) 13... c5 $1 14. Be2 cxd4 15. exd4 (15.
Nxd4 O-O 16. O-O Nc5 17. Qc4 $10) 15... a5 (15... Rc8 $5 16. O-O $1 Bxc3 17.
bxc3 Nxc3 $1 18. Rxa7 Qb6 $15) 16. O-O Ba6 17. Qc2 Bxc3 18. bxc3 (18. Bxa6 Bxb2
$1 $17) 18... Bxe2 19. Qxe2 Nxc3 20. Qd3 Nd5 21. Bd6 $44 {Portisch,L-Nogueiras,
J/Bruxelles/1988/}) (9. e4 b4 10. Na4 Qa5 11. b3 c5 12. Bxf6 gxf6 13. d5 O-O-O
14. dxe6 {Petrosian,A-Horvath,Jo/Siofok Hungaroil (02)/1990/0.5 (14)}) 9... a6
(9... Be7 10. Be2 O-O 11. O-O a6 12. a4 Rc8 13. Rfe1 b4 14. Bxf6 Nxf6 15. Ne4
Nxe4 16. Qxe4 Rc7 {0,5/Nikolic,Pr-Ribli,Z/Barcelona WC/1989/}) 10. Be2 c5 11.
O-O Be7 12. Rfd1 O-O 13. dxc5 Nxc5 14. Qd4 Qxd4 15. Rxd4 Rfd8 16. Rad1 h6 (
16... Rxd4 17. Rxd4 Rc8 18. h3 Kf8 $15) 17. Rxd8+ Rxd8 18. Bf4 Rxd1+ 19. Nxd1
Nd5 20. Bb8 Nb4 $15 1/2-1/2

[Event "Linares 11th"]
[Site "Linares"]
[Date "1993.??.??"]
[Round "2"]
[White "Bareev, Evgeny"]
[Black "Shirov, Alexei"]
[Result "0-1"]
[WhiteElo "2670"]
[BlackElo "2670"]
[Annotator "Ftacnik,L"]
[PlyCount "74"]
[EventDate "1993.02.??"]
[EventType "tourn"]
[EventRounds "13"]
[EventCountry "ESP"]
[EventCategory "18"]
[SourceTitle "CBM 034"]
[Source "ChessBase"]
[SourceDate "1993.06.01"]
[SourceVersion "1"]
[SourceVersionDate "1993.06.01"]
[SourceQuality "1"]

1. d4 d5 2. c4 c6 3. Nf3 Nf6 4. Nc3 e6 5. Qb3 dxc4 6. Qxc4 b5 7. Qd3 Be7 (7...
Ba6 8. Qc2 b4 9. Na4 Bb5 10. b3 Nbd7 11. Bb2 Be7 12. e4 O-O 13. Bc4 Qa5 14. Nd2
Bxa4 15. bxa4 Nb6 16. Bb3 Rac8 17. O-O c5 18. dxc5 Rxc5 19. Qd1 Rd8 $15 {
Rivas,M-Dorfman,I/Barcelona/1992/}) 8. a3 O-O 9. e4 c5 $6 10. dxc5 Bxc5 11.
Qxb5 $6 (11. Qxd8 Rxd8 12. Bxb5 Bb7 (12... Ng4 13. O-O Nd7 14. Bf4 e5 15. Bg5
$16) 13. Bg5 $16) 11... Qc7 12. Bg5 Nbd7 $1 (12... Ng4 13. Bh4 Ba6 14. Qa4 Bxf1
15. Rxf1 Nc6 16. h3 Nf6 $13) 13. Qa4 Bxf2+ $1 14. Kxf2 Nc5 $1 (14... Qb6+ 15.
Qd4 Qxb2+ 16. Be2 $16) 15. Qd4 (15. Qc4 Ba6) (15. Qc2 Ncxe4+ 16. Ke1 Nxg5 17.
Nxg5 Qe5+ 18. Nge4 Bb7 19. Bd3 Nxe4 20. Nxe4 f5 $19) 15... Ng4+ (15... Nb3 16.
Bxf6 Nxd4 17. Bxd4 $14) 16. Kg1 Nb3 17. Nb5 $5 Qb8 18. Qd6 $5 (18. Qd1 Nxa1 19.
Qxa1 Qb6+ 20. Nbd4 e5 $19) 18... Nxa1 19. h3 Nf6 20. Bd3 Nb3 (20... Qxd6 21.
Nxd6 h6 (21... Nb3 22. e5 Nd5 23. Bc4 Rb8 24. Bxd5 exd5 25. Be7 $13) 22. Bxf6 (
22. Bh4 g5 23. Bf2 Nb3) 22... gxf6 $15) 21. e5 (21. Nc7 Ne8 22. Nxe8 Rxe8 $17)
21... Nd5 22. Bc4 h6 23. Bh4 (23. Bxd5 exd5 24. Be7 Qxb5 25. Bxf8 Be6 26. Be7
Rc8 $15) 23... Ne3 24. Bd3 Qxd6 25. exd6 Ba6 26. Be7 Rfb8 27. Nc7 Bxd3 28. Nxa8
Nf5 (28... Rxa8 29. d7 Nd5 30. d8=Q+ Rxd8 31. Bxd8 f6 32. Kf2 Kf7 33. Rd1 Bc2
34. Re1 e5 {/\Ke8}) 29. Nc7 Be4 30. Kf2 (30. Kh2 Bxf3 31. gxf3 Nbd4 $17) 30...
Nc5 31. b4 Nd3+ 32. Ke2 Nf4+ (32... Ng3+ 33. Ke3 Nxh1 34. Kxe4 Nhf2+ 35. Ke3 {
/\d7}) 33. Kd2 Nxg2 34. Ne5 f6 35. Re1 $4 (35. Bxf6 Nxd6 (35... gxf6 36. Nd7
Rd8 37. Nxf6+ Kf7 38. Nxe4 Nxd6 39. Nxd6+ Rxd6+ 40. Ke2 $10) 36. Be7 Nf5 37.
Bc5 $13) 35... Nxe1 36. Nd7 Nf3+ 37. Kc3 Rc8 0-1

[Event "Madrid"]
[Site "Madrid"]
[Date "1992.??.??"]
[Round "9"]
[White "Karpov, Anatoly"]
[Black "Yudasin, Leonid"]
[Result "1/2-1/2"]
[WhiteElo "2725"]
[BlackElo "2580"]
[Annotator "Ftacnik,L"]
[PlyCount "124"]
[EventDate "1992.05.??"]
[EventType "tourn"]
[EventRounds "9"]
[EventCountry "ESP"]
[EventCategory "13"]
[SourceTitle "CBM 030"]
[Source "ChessBase"]
[SourceDate "1992.10.01"]
[SourceVersion "1"]
[SourceVersionDate "1992.10.01"]
[SourceQuality "1"]

1. d4 Nf6 2. c4 e6 3. Nf3 d5 4. Nc3 dxc4 5. Qa4+ c6 6. Qxc4 b5 7. Qd3 Ba6 8.
Ne4 (8. Qc2 Qa5 9. Bd2 b4 10. Ne4 Nbd7 11. Qxc6 Rb8 12. e3 Bxf1 13. Nxf6+ gxf6
14. Kxf1 Qf5 15. e4 Qb5+ 16. Qxb5 Rxb5 17. Rc1 $18 {Portisch,L-Lukacs,P/HUN-ch/
1991/}) 8... Qa5+ (8... Be7 9. Bd2 Nbd7 10. Nxf6+ Bxf6 11. e4 O-O 12. e5 Be7
13. Qe4 c5 14. Bd3 g6 15. h4 cxd4 16. b4 Qb8 $15 {Baragar,F-Pinter,J/Zagreb
izt/1987/}) 9. Bd2 b4 10. Nxf6+ gxf6 11. Qc2 Be7 12. a3 Qb6 (12... O-O 13. Qb3
c5 14. dxc5 Bxc5 15. Bxb4 Bxb4+ 16. Qxb4 Qxb4+ 17. axb4 $16) 13. Bxb4 Bxb4+ 14.
axb4 Qxb4+ 15. Qc3 Qxc3+ 16. bxc3 Ke7 $1 (16... O-O 17. Kd2 Rd8 18. e3 $14) 17.
Kd2 c5 18. e3 Bxf1 19. Rhxf1 cxd4 20. cxd4 Nd7 21. Rfb1 (21. Ra6 Rhb8 22. Rfa1
Rb7 $14) 21... Rhb8 22. Rxb8 Nxb8 23. Ra5 Nc6 (23... a6 24. Kc3 Nc6 25. Ra4 a5
26. Nd2 $14) 24. Rc5 Rc8 (24... Kd6 25. Kc3 a5 26. Nd2 $14) 25. Ne1 Kd6 26. Rh5
Rh8 27. g4 Nb4 (27... a5 28. Nd3 a4 29. Nb2 Ra8 30. Nc4+ Ke7 31. Na3 $14) 28.
Rb5 Nc6 29. Nd3 e5 30. d5 Rb8 $1 31. Rc5 (31. Rxb8 Nxb8 32. e4 a5 33. Nb2 Kc5
$14) 31... Nb4 32. e4 Nxd3 33. Rc6+ Ke7 34. Kxd3 Rb2 35. Ke3 Rb3+ 36. Ke2 a5
37. Rc7+ Ke8 38. Ra7 Rb4 39. Kd3 Rd4+ 40. Ke3 Ra4 41. h4 Ra3+ 42. Ke2 h5 $1 43.
g5 (43. gxh5 Rh3 44. Rxa5 Rxh4 $14) 43... fxg5 44. hxg5 h4 45. d6 Ra2+ 46. Ke3
Ra3+ 47. Ke2 Ra2+ 48. Kf3 h3 49. Kg3 h2 $1 50. Ra8+ Kd7 51. Rh8 Kxd6 52. Rxh2
a4 53. Rh7 Ke6 54. Rh6+ Ke7 55. Ra6 a3 56. f3 Ra1 57. Kg4 a2 58. Kf5 Rf1 59.
Rxa2 Rxf3+ 60. Kxe5 Rg3 61. Kf4 Rg1 62. Ra3 Ke6 {Ftacnik,L} 1/2-1/2

[Event "Riga zt"]
[Site "Riga"]
[Date "1995.??.??"]
[Round "6"]
[White "Ehlvest, Jaan"]
[Black "Fridman, Daniel"]
[Result "1-0"]
[WhiteElo "2615"]
[BlackElo "2440"]
[Annotator "Ftacnik,L"]
[PlyCount "39"]
[EventDate "1995.03.??"]
[EventType "tourn"]
[EventRounds "13"]
[EventCountry "LAT"]
[EventCategory "10"]
[SourceTitle "CBM 047"]
[Source "ChessBase"]
[SourceDate "1995.08.01"]
[SourceVersion "1"]
[SourceVersionDate "1995.08.01"]
[SourceQuality "1"]

1. d4 d5 2. c4 c6 3. Nf3 Nf6 4. Nc3 e6 5. Bg5 h6 6. Bxf6 Qxf6 7. a3 dxc4 8. Ne5
b5 (8... Nd7 9. Nxc4 Nb6 10. e3 {Rausis,I-Sokolovs,A/Riga zt (08)/1995/0.5 (10)
}) (8... c5 9. Qa4+ (9. Nxc4 cxd4 10. Nb5 Qd8 11. Qxd4 Qxd4 12. Nxd4 Bd7 13. g3
Bc5 14. Nb3 Be7 15. Nca5 Bc6 16. Nxc6 Nxc6 17. Bg2 Rc8 18. Rc1 Bf6 19. Rc2 O-O
20. Kd2 Rfd8+ 21. Kc1 Nd4 22. Nxd4 {Kasparov,G-Sveshnikov,E/USSR ch/1981/0.5 
(22)}) 9... Nd7 10. e3 cxd4 11. exd4 Qd8 12. Bxc4 Bd6 13. Bb5 Qc7 (13... Ke7
14. Rd1 $16 {Yermolinsky,A-Novikov,I/USSR/1983/}) 14. O-O Bxe5 15. dxe5 O-O 16.
f4 a6 17. Bxd7 Bxd7 18. Qb4 a5 19. Qd6 Qxd6 20. exd6 Rfc8 21. Rad1 Rc4 22. Rd2
Kf8 23. g3 Ra6 24. Re1 {Szmetan,J-Sorokin,M/San Martin (04)/1993/0-1 (40)}) (
8... Bd6 9. Ne4 Qe7 10. Nxd6+ Qxd6 11. Nxc4 Qd5 12. e3 $14 {Kharitonov,
A-Sveshnikov,E/USSR/1981/}) 9. g3 Bb7 10. Bg2 Qe7 (10... a6 11. O-O Qd8 12. e3
$44) 11. O-O Qc7 12. b3 $5 cxb3 (12... Bd6 13. bxc4 Bxe5 14. dxe5 bxc4 15. Qd4
$16) 13. Qxb3 Nd7 14. Nxb5 $3 cxb5 (14... Qb6 15. Nxd7 Kxd7 16. Qf3 Qxb5 17.
Qxf7+ Be7 18. Rfb1 Qa6 19. Bh3 $40) 15. Rfc1 Qb6 16. Bc6 $1 Rd8 (16... Bxc6 17.
Rxc6 Qb7 (17... Qxd4 18. Rxe6+ $1 fxe6 19. Qxe6+ Be7 20. Qf7+ Kd8 21. Nc6+ $18)
18. Qf3 Be7 (18... Nxe5 19. Rxe6+ fxe6 20. Qxb7 $18) 19. Qxf7+ Kd8 20. Rxe6 $18
) 17. Qf3 f6 (17... f5 18. Qh5+ Ke7 19. Bxd7 $18) 18. Qh5+ Ke7 19. Ng6+ Kd6 20.
Bxb7 (20. Bxb7 Rg8 21. Rc6+ $18) 1-0